Rio de Janeiro Movies by Picture - Statistics

General Stats
  • This quiz has been taken 214 times
  • The average score is 5 of 16
Answer Stats
Picture Answer % Correct
Rio
95%
Godzilla x Kong: The New Empire
84%
Penguins of Madagascar
78%
The Twilight Saga: Breaking Dawn – Part 1
70%
City of God
50%
Fast Five
35%
Moonraker
28%
The Incredible Hulk
24%
Elite Squad
19%
Central Station
7%
Geostorm
5%
Notorious
5%
Saludos Amigos
5%
Flying Down to Rio
4%
Now, Voyager
4%
Wild Orchid
3%
No matching quizzes found
Score Distribution
Percent of People with Each Score
Percentile by Number Answered
Your Score History
You have not taken this quiz